MARC

LEADER 00000nam0a2200000 4500
001 261129
005 20231101233534.0
035 |a (RuTPU)RU\TPU\book\284103 
090 |a 261129 
100 |a 20140521d1967 k y0rusy50 ca 
101 0 |a rus 
102 |a RU 
105 |a a z 000zy 
200 1 |a Метод квазичастиц в теории ядра  |f А. Б. Мигдал 
210 |a Москва  |c Наука  |d 1967 
215 |a 160 с.  |c ил. 
225 1 |a Современные проблемы физики 
606 1 |a Квазичастицы  |2 stltpush  |3 (RuTPU)RU\TPU\subj\14192  |9 40651 
610 1 |a ферми-системы 
610 1 |a функции Грина 
610 1 |a графики Фейнмана 
610 1 |a одночастичные возбуждения 
610 1 |a взаимодействия 
610 1 |a ядра 
610 1 |a внешнее поле 
610 1 |a свойства 
610 1 |a электромагнитные переходы 
675 |a 539.12  |v 3 
700 1 |a Мигдал  |b А. Б.  |g Аркадий Бейнусович 
801 1 |a RU  |b 63413507  |c 20140521 
801 2 |a RU  |b 63413507  |c 20210210  |g RCR 
942 |c BK